Geographical Names - Statistics

General Stats
  • This quiz has been taken 43 times
  • The average score is 17 of 20
Answer Stats
Hint Answer % Correct
10) Alps, Cheese, Army Knife Swiss
98%
1) Pie, Dream, Eagle American
95%
4) Tea Party, Baked Beans, Marathon Boston
93%
9) Waffles, Chocolate, Malinois Belgian
90%
19) Channel, Cocker Spaniel, Premier League English
90%
13) Inquisition, Armada, Rice Spanish
90%
8) Checkers, Dumplings, New Year Chinese
88%
20) Meatballs, Fish, Massage Swedish
88%
3) Ghetto, Uprising, Pact Warsaw
83%
12) Oven, Braid, Pennsylvania Dutch
83%
15) Mafia, Sub, Stiletto Italian
83%
17) Vice, Beach, Gardens Miami
83%
14) Roulette, White, Dressing Russian
83%
18) Setter, Whiskey, Soda Bread Irish
81%
5) Strip Steak, Times, State of Mind New York
81%
11) Grill, Bikini Wax, Jiu Jitsu Brazilian
79%
2) Man O War, Roll, Water Dog Portuguese
74%
7) Longhorns, Rangers, Pete Texas
74%
6) Jumping Beans, Peso, Rice Mexico
64%
16) Sound, Ice Tea, Expressway Long Island
48%
No matching quizzes found
Score Distribution
Percent of People with Each Score
Percentile by Number Answered
Your Score History
You have not taken this quiz